| 000 | 00358pam a2200157a 44500 | ||
|---|---|---|---|
| 008 | 230515b1987 xxu||||| |||| 00| 0 eng d | ||
| 020 | _aNULL | ||
| 041 | _aENGL | ||
| 082 | _a621.384131 /SHA | ||
| 100 | _aSHAKHGILDYAN V.V. | ||
| 245 | _aRADIO TRANSMITTER DESIGN | ||
| 250 | _aN.D. | ||
| 260 |
_aNULL _bMIR P _c1987 |
||
| 300 | _a487 HB | ||
| 650 | _aNULL | ||
| 999 |
_c620342 _d620342 |
||